[Event "Puerto Iguazu Cataratas Cup"]
[Site "Puerto Iguazu"]
[Date "2022.08.14"]
[Round "6"]
[White "Maxit, Alfredo Javier"]
[Black "Sanabria, Walter"]
[Result "0-1"]
[WhiteElo "1461"]
[BlackElo "1493"]
[PlyCount "50"]
[EventDate "2022.08.13"]
[EventType "swiss"]
[EventRounds "6"]
[EventCountry "ARG"]
[SourceTitle "CBM 209 Extra"]
[Source "ChessBase"]
[SourceDate "2022.09.30"]
[SourceVersion "1"]
[SourceVersionDate "2022.09.30"]
[SourceQuality "1"]

1. e4 e5 2. Nf3 Nc6 3. Nc3 Bc5 4. Nxe5 Bxf2+ 5. Kxf2 Nxe5 6. d4 Qh4+ 7. Kg1 Ng6 8. g3 Qd8 9. Bd3 d6 10. Qf3 Nf6 11. h3 h6 12. Bd2 Qe7 13. Re1 0-0 14. Kf2 c6 15. Ke2 d5 16. e5 c5 17. Nxd5 Nxd5 18. Qxd5 Be6 19. Qe4 cxd4 20. Kd1 Rad8 21. Rhf1 Bxh3 22. Rh1 Qe6 23. Rxh3 Qxh3 24. Rh1 Qxg3 25. Bf4 Qxf4 0-1